Quizzes
Events
Quiz Creation
Community
Videos
Private Events
Remove Ads
Sign In
Join for FREE
Feedback
Dark Mode
Quiz Categories
Sports
Geography
Music
Movies
Television
Just For Fun
Miscellaneous
History
Literature
Language
Science
Gaming
Entertainment
Religion
Holiday
For Kids
Quiz Lab
Recent
Popular Today
Quiz Kudos Today
Editor Picks
Curator Picks
Quizzes by...
Day
Popularity
Type
Ratings
Length
Year
Community
Subscriptions
Recent Discussions
Orange Saloon
Badges
Playlists
Quests
Create
Leaderboards
Showdown
Live 5
Trivia Bingo
Activity
Puzzle Library
Sporcle Events
Private Events
Virtual Trivia
Globe League
Become a Host
Pub Owners
SporcleCon
Opinionation
Our Games
Videos
Blog
Mobile Apps
Partnerships
Remove Ads and Go Orange
Feedback
Science
Computer
Plants
Astronomy
Chemistry
Elements
Math
Animal
Physics
Anatomy
Biology
Geology
General Science
Science
Computer
Plants
Astronomy
Chemistry
Elements
Math
Animal
Physics
Anatomy
Biology
Geology
General Science
Random Quiz
Search Sporcle
×
Quiz Lab
Quiz Lab
Science
Clickable
Select answers by clicking on text or image buttons
Select answers by clicking on text or image buttons
Clickable
Best Score? Go Orange.
Toxicology part 2 Stats
Can you pick the Toxicology part 2?
By
KMundy
20m
37 Questions
20 Plays
20 Plays
20 Plays
Comments
Comments
Give Quiz Kudos
Give Quiz Kudos
-
- Ratings
hide this ad
Replay
Link that replays current quiz
Next Quiz
Link to next quiz in quiz playlist
You Got
0%
They Got
Avg Score
79%
Avg Friend Score
Upgrade to see
Score Distribution
Jump to the score distribution portion of the page
Score
0/37
Timer
20:00
0
Plays Today
% Correct
Red Maple
95%
Bracken Fern
90%
Yew
85%
Foxglove
85%
Peace Lilly
85%
Ricin
85%
Giant Hogweed
85%
Ibotenic Acid
85%
Selenium
85%
Arsenic
85%
Copper Toxicosis in sheep
85%
Cholecalciferol
85%
Carbon Monoxide
85%
Water Hemlock
80%
St. John's Wort
80%
Onions
80%
Black Walnut
80%
False Hellebore
80%
Muscarine
80%
% Correct
Elemental Iron
80%
Zinc Phosphide
80%
Amitraz
80%
Pyrethrins and Pyrethroids
80%
Meradehyde
80%
Rhododendrons and Laurels
75%
Ragwort
75%
Russian Knapweed
75%
Amanita phalloides
75%
Psilocybin
75%
Iron Dextran
75%
Ratenone
75%
Aminopyridine
75%
Organophosphates and carbamates
75%
Monkshood or Larkspur
70%
Copper Toxicosis in Beddington Terriers
70%
Strychine
65%
Brometalin
60%
Quiz Playlist
Details
Report
Send in Message
Add To Playlist
Clickable:
Select answers by clicking on text or image buttons
Last Updated: Feb 16, 2017
Quiz Scoreboard
CHALLENGE
Sign Up to Join the Scoreboard
Show All
Scores
Hide
Comments
May contain spoilers
Recently Published
College Basketball Coaching Resumes
by pancakes188
Sports
9m
Billboard Blitz: Fleetwood Mac
by CooCooCachoo
Music
15s
Presidents Visiting Landmarks
by Hejman
History
7m
More to Explore
Quiz From the Vault
Featured Blog Post
Where Did the Easter Bunny Come From?
hide this ad
You Might Also Like...
Tags
Clickable Quiz
Today's Top Quizzes in Science
Browse Science
hide this ad
Today's Top Quizzes in Clickable
Browse Clickable
Top Contributed Quizzes in Science
1
Quick Pick: Radians
2
Quick Pick: 'CI-CJ' Animals
3
The First 100 Digits of Pi
4
Elements In Images
5
One Thing in Common: Science
6
Name the Acid, Base or Salt
7
Science Jokes
8
One Thing in Common: Science III
9
One Thing in Common: Science II
10
One Thing in Common: Animals
Explore More
Trending Topics
Kpop
Marvel
Anime
Crossword
NBA
Harry Potter
Disney
Country
Song
WWE
The Office
Puzzle
Soccer
NFL
Pokémon
hide this ad
More By:
KMundy
Quiz
Plays
Rating
Category
Featured
Created
Veterinary Bacteriology Quiz
1,309
1.00
Science
Jan 31, 2015
Veterinary Pharmacology
159
1.00
Science
Feb 21, 2015
Veterinary Antimicrobial Quiz
124
1.00
Science
Feb 26, 2015
POD Gram-Stain Quiz
64
1.00
Science
Jan 31, 2015
AMD Spectrum and Effectiveness
60
1.00
Science
Feb 26, 2015
Go to Creator's Profile
Score Distribution
Quiz Creator Spotlight
KMundy
Follow
Send a Message
Quizzes Created
-
Created Quiz Play Count
-
More By This Creator
Popular Quizzes Today
1
Find the US States - No Outlines Minefield
2
Find the Countries of Europe - No Outlines Minefield
3
The Countries of the World
4
Find the US States
5
Risky Map Clicking: Biggest States A-Z
6
US States
7
Popular People in 1961
8
Movies - When Are They Set?
More Science Quizzes
Cover the Alphabet - Chemical Elements
Published
Trending Quizzes
Risky Map Clicking: Least Populous States A-Z
1-10 Letter G Words
1-10 Letter F Words
Risky Map Clicking: Next State Alphabetically
Click the Washington State Counties! (Map)
Recently Updated
Leaping Animals
pecheneg
Reality TV Shows (A-Z)
bhenderson79
Rickey Henderson's Hall of Fame Teammates
pecheneg
Champions League XIs: Arsenal
pecheneg
Quick Pick: Celebrities in WWE's Hall of Fame
aduchscher
A-Z Keypad Blitz II
pecheneg
Multiple Oscar Actors
pecheneg
Mystery Phrase Blitz: Oscar 'Best Actors'
pecheneg
F. Scott Fitzgerald Novels
LTH
Pick 3 Villains
ddd62291
Trending Topics
Harry Potter
Disney
Kpop
NBA
Marvel
Crossword
Anime
Soccer
Pokémon
WWE
Song
Country
NFL
The Office
Puzzle
Your Account Isn't Verified!
In order to create a playlist on Sporcle, you need to verify the email address you used during registration. Go to your
Sporcle Settings
to finish the process.
Report this User
Report this user for behavior that violates our
Community Guidelines
.
Details:
Send Report
Go to the Sporcle.com Mobile Site →
Comments